000 00632nam a2200241Ia 4500
003 OSt
005 20220918185751.0
006 a|||||r|||| 00| 0
007 ta
008 220917b |||||||| |||| 00| 0 eng d
024 _a52,496
037 _cTextual
040 _aARTS
_cARTS
_beng
041 _2eng
_aeng
082 _aP15z7, M6
100 _aBharadwaj Sudhi Kant
_970142
245 0 _aEssays on Sanskrit linguistics
260 _aN.D
_bsanskrit Prakashan
_c1986
300 _a118p.
_ccm.
650 _aLINGUISTICS
942 _hP15z7, M6
_cTEXL
_2CC
999 _c181960
_d181960